| 000 | 01180nam a22002777a 4500 | ||
|---|---|---|---|
| 999 |
_c63841 _d63841 |
||
| 005 | 20240530110701.0 | ||
| 008 | 180110s2016 ua a g b 000 0 ara d | ||
| 017 |
_a2015/11635 _bمصر. دار الكتب |
||
| 020 | _a9789774385410 | ||
| 040 |
_aEG-CaGPL _cEG-CaGPL |
||
| 082 | 0 | 4 |
_221 _a362.732 / _bم ت |
| 100 | 0 | _aمحمد ابراهيم آدم عثمان | |
| 245 | 1 | 0 |
_aتنمية السلوك الاجتماعى بمؤسسات الاطفال الايتام = _b(S O S ) / _cمحمد ابراهيم آدم عثمان ؛ تقديم السيد عبدالحميد عطية |
| 250 | _aط. 1 | ||
| 260 |
_aالقاهرة : _bالمكتب الجامعى الحديث ، _c2016. |
||
| 300 |
_a384 ص. ؛ _c24 سم. |
||
| 504 | _aيشتمل على ارجاعات ببليوجرافية | ||
| 650 | 0 | 7 |
_2qrmak _aالمؤسسات الاجتماعية |
| 650 | 0 | 7 |
_2qrmak _aالجمعيات الخيرية |
| 650 | 0 | 7 |
_2qrmak _aاليتامى _xرعاية |
| 650 | 0 | 7 |
_2qrmak _aاليتامى _xخدمات اجتماعية |
| 651 | _2qrmak | ||
| 700 | 0 |
_aالسيد عبدالحميد عطية _eمقدم |
|
| 942 |
_2ddc _cBK |
||